Gestão do conhecimento no Brasil : (Record no. 871)

MARC details
000 -LÍDER
Campo Fixo de Controle 00967nam a2200265 a 4500
001 - NÚMERO DE CONTROLE
Campo de Controle 871
003 - IDENTIFICAÇÃO DO NÚMERO DE CONTROLE
Campo de Controle BR-CuiBMT
005 - DATA E HORA DA ÚLTIMA ATUALIZAÇÃO
Campo de Controle 20231122012740.0
008 - DADOS FIXOS
Dados Fixos 231122s2008 rjba 000 0 por d
020 ## - INTERNATIONAL STANDARD BOOK NUMBER
Nº do ISBN 9788573038163
040 ## - AGÊNCIA CATALOGADORA
Código da Agência Catalogadora BR-CuiBMT
Agência que transcreveu o registro BR-CuiBMT
080 ## - Nº DA CLASSIFICAÇÃO DECIMAL UNIVERSAL
Nº edição CDU 2007
Nº Class. CDU 658:001.101
Subd. Auxiliar Comum (81)
090 ## - NÚMERO DE CHAMADA
Nº classificação 658:001.101(81)
Cutter G393
245 00 - TÍTULO PRINCIPAL
Título principal Gestão do conhecimento no Brasil :
Subtítulo casos, experiências e práticas de empresas privadas /
Indicação de responsabilidade Maria Terezinha Angeloni (organizadora) ; [autores Alfredo Emmerick ... et al.].
260 ## - PUBLICAÇÃO, DISTRIBUIÇÃO, ETC.
Local de publicação Rio de Janeiro :
Editora Qualitymark,
Data 2008.
300 ## - DESCRIÇÃO FÍSICA
N. páginas ou volumes xxvii, 186 p. :
Ilustrações il. ;
Dimensões 23 cm
500 ## - NOTAS GERAIS
Notas gerais Vários autores.
504 ## - NOTA DE BIBLIOGRAFIA, ETC.
Nota de bibliografia Inclui bibliografia.
650 ## - ASSUNTO TÓPICO
Cabeçalho tópico ou nome geográfico Gestão do conhecimento
Subdivisão geográfica Brasil
650 ## - ASSUNTO TÓPICO
Cabeçalho tópico ou nome geográfico Administração pública
Subdivisão geral Estudo de caso
Subdivisão geográfica Brasil
650 ## - ASSUNTO TÓPICO
Cabeçalho tópico ou nome geográfico Aprendizagem organizacional
Subdivisão geográfica Brasil
700 1# - ENTRADA SECUNDÁRIA -- NOME PESSOAL
Nome pessoal Angeloni, Maria Terezinha
Cód. do termo explicativo org.
700 1# - ENTRADA SECUNDÁRIA -- NOME PESSOAL
Nome pessoal Emmerick, Alfredo
Termo de relação et al.
-- autores
942 ## - ELEMENTOS DE ENTRADA ADICIONAIS (KOHA)
Fonte de classificação ou esquema de arquivamento Classificação Decimal Universal
Tipo de item do Koha Livros
Holdings
Estado: removido Estado: perdido Fonte de classificação ou esquema de arquivamento Estado: danificado Indisponível para empréstimo Localização permanente Localização atual Data de aquisição Total Checkouts Número de Chamada completo Código de barras Date last seen Número do exemplar Preço efetivo a partir de Tipo de item (Koha)
    Classificação Decimal Universal     Biblioteca da Escola Superior de Contas do TCE/MT Biblioteca da Escola Superior de Contas do TCE/MT 22/11/2023   658:001.101(81) G393 BIBTCEMT23110816 22/11/2023 Ex. 1 22/11/2023 Livros
    Classificação Decimal Universal     Biblioteca da Escola Superior de Contas do TCE/MT Biblioteca da Escola Superior de Contas do TCE/MT 27/11/2023   658:001.101(81) G393 BIBTCEMT23111147 27/11/2023 Ex. 2 27/11/2023 Livros
    Classificação Decimal Universal     Biblioteca da Escola Superior de Contas do TCE/MT Biblioteca da Escola Superior de Contas do TCE/MT 27/11/2023   658:001.101(81) G393 BIBTCEMT23111148 27/11/2023 Ex. 3 27/11/2023 Livros

Powered by Koha